Home Print Resources E-Books E-Journals IIMT Lecture Series Library Membership Form Book Recommendation Form Campus Tour Take AdmissionAbout Us Contact Us

Programming ANSI C (Record no. 4958)

000 -LEADER
fixed length control field 00360nam a2200157Ia 4500
003 - CONTROL NUMBER IDENTIFIER
control field OSt
005 - DATE AND TIME OF LATEST TRANSACTION
control field 20240219154340.0
008 - FIXED-LENGTH DATA ELEMENTS--GENERAL INFORMATION
fixed length control field 170524s9999 xx 000 0 und d
020 ## - INTERNATIONAL STANDARD BOOK NUMBER
International Standard Book Number 9781259004612
040 ## - CATALOGING SOURCE
Transcribing agency IMT UNIVERSITY MEERUT
100 ## - MAIN ENTRY--PERSONAL NAME
Personal name Balagurusamy E
245 #0 - TITLE STATEMENT
Title Programming ANSI C
260 ## - PUBLICATION, DISTRIBUTION, ETC.
Name of publisher, distributor, etc. TMH New Delhi
260 ## - PUBLICATION, DISTRIBUTION, ETC.
Date of publication, distribution, etc. 2007
942 ## - ADDED ENTRY ELEMENTS (KOHA)
Source of classification or shelving scheme
Koha item type Book Bank
Holdings
Withdrawn status Lost status Source of classification or shelving scheme Damaged status Not for loan Home library Current library Date acquired Barcode Date last seen Uniform Resource Identifier Price effective from Koha item type Public note Full call number
          IIMT University Central Library Meerut IIMT University Central Library Meerut 05/31/2017 01-B-41934 05/31/2017 COMPUTER SCIENCE 05/31/2017 Book Bank Engineering Departmental Library books  
          IIMT University Central Library Meerut IIMT University Central Library Meerut 05/31/2017 01-B-41935 05/31/2017 COMPUTER SCIENCE 05/31/2017 Book Bank    
          IIMT University Central Library Meerut IIMT University Central Library Meerut 05/31/2017 01-B-41936 05/31/2017 COMPUTER SCIENCE 05/31/2017 SAMS ISSUE RECORD IN B.TECH SAMS ISSUE DATA R
          IIMT University Central Library Meerut IIMT University Central Library Meerut 05/31/2017 01-B-41937 05/31/2017 COMPUTER SCIENCE 05/31/2017 SAMS ISSUE RECORD IN B.TECH SAMS ISSUE DATA  
          IIMT University Central Library Meerut IIMT University Central Library Meerut 05/31/2017 01-B-41938 05/31/2017 COMPUTER SCIENCE 05/31/2017 SAMS ISSUE RECORD IN B.TECH SAMS ISSUE DATA  
IIMT, Central Library. All Rights Reserved IIMT,UNIVERSITY © 2023
Implemented and Customised by I CLOUDE EMS
You Are OPAC Visitor No
free web counter

Powered by Koha